'I' Animals Vegetables Minerals Quiz Stats

 Plays Quiz not verified by Sporcle

Challenge
Share
Tweet
Embed
Score 0/9 Timer 03:00
1 Play Today
Hint Answer % Correct
MineralIron
96%
Vegetable (& Fruit)Iceberg
86.7%
MineralIodine
79.7%
AnimalIguana
75.8%
MineralIridium
72.6%
MineralIndium
56%
AnimalIbis
31.5%
AnimalIguanodon
23.2%
AnimalImpala
13.2%

You're not logged in!

Compare scores with friends on all Sporcle quizzes.
OR
Log In

You Might Also Like...

Show Comments

Extras

Top Quizzes Today


Score Distribution

Your Account Isn't Verified!

In order to create a playlist on Sporcle, you need to verify the email address you used during registration. Go to your Sporcle Settings to finish the process.

Report this User

Report this user for behavior that violates our Community Guidelines.

Details: